Capitalist Countries Quiz Stats

 Plays Quiz not verified by Sporcle

Score 0/28 Timer 05:00
0 Plays Today
Freedom Score Country % Correct
78.0United States
99.1%
76.5United Kingdom
93%
80.4Canada
92%
71.1Germany
89.4%
72.9Japan
84.5%
72.4Sweden
83.4%
82.6Australia
83.1%
82.1New Zealand
76.2%
73.8Finland
75.6%
81.1Switzerland
74.6%
77.9Denmark
73.5%
81.3Ireland
73.2%
75.0Netherlands
69.9%
70.1Belgium
65.9%
Freedom Score Country % Correct
71.6Austria
65.2%
73.7Iceland
62.4%
75.4Luxembourg
59.6%
86.1Singapore
56.2%
70.4Taiwan
43.1%
77.2Chile
41%
74.7Estonia
35%
70.3Lithuania
33%
70.9Cyprus
23%
76.3Bahrain
15.1%
70.4Georgia
8%
76.3Mauritius
6.3%
70.3Botswana
5%
70.5Saint Lucia
4.8%

You're not logged in!

Compare scores with friends on all Sporcle quizzes.
OR
Log In

Show Comments

Extras

Top Quizzes Today


Score Distribution

Your Account Isn't Verified!

In order to create a playlist on Sporcle, you need to verify the email address you used during registration. Go to your Sporcle Settings to finish the process.

Report this User

Report this user for behavior that violates our Community Guidelines.

Details: